000 00197 a2200109 4500
020 _a9992402814
041 _aspa
100 _aAnonimo
245 _aGuia alimentaria
942 _cBK
952 _71
999 _c22597
_d22597